Informe de balanç de mandat : 2011-2015 / 2011-2015 /
Descripción Física:
81 pàgines ; 30 cm
Materias:
Barcelona (Catalunya : Província). -- Diputació
; Barcelona (Catalunya : Província) -- Política i govern -- S. XXI
Idioma:
Catalán
MARC
| LEADER | 00000nam a2200000 a 4500 | ||
|---|---|---|---|
| 001 | 26256 | ||
| 005 | 20260324181130.0 | ||
| 008 | 160414s2015 spc|||| ||||o0|0 0 cat| | ||
| 017 | |a DL B 19952-2015 |b Biblioteca de Catalunya | ||
| 080 | |a Bib-803 | ||
| 110 | 1 | |a Barcelona (Catalunya : Província). |b Diputació |9 52408 | |
| 245 | 1 | 0 | |a Informe de balanç de mandat : |b 2011-2015 / |c Diputació de Barcelona ; edició i coordinació: Gabinet de Premsa i Comunicació de la Diputació de Barcelona |
| 260 | |a Barcelona : |b Diputació de Barcelona, |c 2015 | ||
| 300 | |a 81 pàgines ; |c 30 cm | ||
| 610 | 1 | 0 | |a Barcelona (Catalunya : Província). |b Diputació |9 52408 |
| 651 | 0 | |a Barcelona (Catalunya : Província) |x Política i govern |y S. XXI |2 lemac |9 53868 | |
| 710 | 1 | |a Barcelona (Catalunya : Província). |b Gabinet de Premsa i Comunicació. |9 51838 | |
| 908 | |a BC | ||
| 940 | |a BC | ||
| 942 | |2 udc |c ARXIU |n 1 | ||
| 952 | |0 0 |1 0 |4 0 |6 BIB803 |7 1 |9 62788 |a Arxiu |b Arxiu |d 2022-07-14 |l 0 |o Bib-803 |p 26256 |r 2022-07-14 00:00:00 |w 2022-07-14 |y ARXIU | ||
| 999 | |c 82279 |d 82279 | ||